[Event "ICS rated blitz match"]
[Site "204.178.125.65"]
[Date "2000.07.16"]
[Round "?"]
[White "Hossa"]
[Black "kako"]
[Result "0-1"]
[WhiteElo "2459"]
[BlackElo "2192"]
[PlyCount "112"]
[EventDate "2000.??.??"]

1. e4 e6 2. d4 d5 3. Nc3 Bb4 4. e5 c5 5. a3 Bxc3+ 6. bxc3 Ne7 7. a4 Qa5 8. Qd2
Nbc6 9. Nf3 Bd7 10. Be2 f6 11. exf6 gxf6 12. O-O O-O-O 13. Ba3 c4 14. Ra2 Nf5
15. Rb1 Rdg8 16. Bf1 h5 17. Qe1 h4 18. Qd2 Rg6 19. Bc5 Nd8 20. Raa1 Bxa4 21.
Rb4 b5 22. Rb2 Qc7 23. Rba2 a5 24. Ba3 Rhg8 25. h3 Nb7 26. Qe2 Qd7 27. Bc1 Nbd6
28. Bf4 Ne4 29. Ra3 R6g7 30. Nh2 Re7 31. Qd1 e5 32. Bc1 Nfd6 33. dxe5 fxe5 34.
Qxd5 Reg7 35. Qa8+ Kc7 36. Qxa5+ Kc8 37. Ng4 Rxg4 38. hxg4 Qxg4 39. R3a2 h3 40.
g3 Nxg3 41. Bxh3 Qxh3 42. Qa6+ Kc7 43. Qa7+ Nb7 44. Qb6+ Kxb6 45. Be3+ Kc6 46.
fxg3 Rxg3+ 47. Kf2 Qh2+ 48. Ke1 Rxe3+ 49. Kd1 Re2 50. Rxa4 bxa4 51. Ra2 Nc5 52.
Rb2 a3 53. Rb8 Rd2+ 54. Kc1 Rxc2+ 55. Kb1 Rb2+ 56. Rxb2 Qxb2# {Hossa checkmated
} 0-1

[Event "ICS rated blitz match"]
[Site "204.178.125.65"]
[Date "2000.07.16"]
[Round "?"]
[White "salzi"]
[Black "Hossa"]
[Result "0-1"]
[WhiteElo "1991"]
[BlackElo "2433"]
[PlyCount "40"]
[EventDate "2000.??.??"]

1. d4 Nf6 2. c4 d6 3. Nc3 g6 4. e4 Bg7 5. Nf3 O-O 6. Be2 e5 7. dxe5 dxe5 8.
Qxd8 Rxd8 9. Nd5 Nxd5 10. cxd5 c6 11. Bc4 cxd5 12. Bxd5 Nc6 13. a3 h6 14. O-O
Nd4 15. Nxd4 exd4 16. Bd2 Be6 17. Bxe6 fxe6 18. Rac1 d3 19. b3 Rd7 20. Bc3 d2 {
salzi resigns} 0-1

[Event "ICS rated blitz match"]
[Site "204.178.125.65"]
[Date "2000.07.16"]
[Round "?"]
[White "Hossa"]
[Black "salzi"]
[Result "1-0"]
[WhiteElo "2435"]
[BlackElo "1989"]
[PlyCount "27"]
[EventDate "2000.??.??"]

1. e4 c5 2. Nf3 d6 3. d4 cxd4 4. Nxd4 Nf6 5. Nc3 a6 6. Be2 e5 7. Nb3 Be6 8. O-O
Qc7 9. Nd5 Nxd5 10. exd5 Bf5 11. c4 Be7 12. f4 e4 13. Nd4 Bc8 14. Qc2 {
salzi resigns} 1-0

[Event "ICS rated blitz match"]
[Site "204.178.125.65"]
[Date "2000.07.16"]
[Round "?"]
[White "Hossa"]
[Black "luis1"]
[Result "1/2-1/2"]
[WhiteElo "2437"]
[BlackElo "2032"]
[PlyCount "39"]
[EventDate "2000.??.??"]

1. e4 c6 2. d4 d5 3. e5 Bf5 4. Nf3 e6 5. a3 c5 6. Bb5+ Nd7 7. O-O a6 8. Bd3
Bxd3 9. Qxd3 Ne7 10. dxc5 Nxc5 11. Qe2 Rc8 12. Nc3 Ng6 13. Bg5 Be7 14. Bxe7
Qxe7 15. a4 O-O 16. a5 Rfd8 17. Qe3 Nh4 18. Nd4 Ng6 19. Nf3 Nh4 20. Nd4 1/2-1/2

[Event "ICS rated blitz match"]
[Site "204.178.125.65"]
[Date "2000.07.16"]
[Round "?"]
[White "runfirst"]
[Black "Hossa"]
[Result "0-1"]
[WhiteElo "1864"]
[BlackElo "2424"]
[PlyCount "58"]
[EventDate "2000.??.??"]

1. e4 c5 2. Nf3 e6 3. d4 cxd4 4. Nxd4 Nc6 5. Be3 Nf6 6. Bd3 Be7 7. O-O O-O 8.
Kh1 Ne5 9. Be2 Nxe4 10. f4 Nc6 11. Bd3 d5 12. Nc3 Nxc3 13. bxc3 Qe8 14. Qf3 Bf6
15. Rae1 Qe7 16. Qf2 Na5 17. Nb5 b6 18. Bd4 Bb7 19. Bxf6 Qxf6 20. Nd4 Nc4 21.
Qe2 Ba6 22. Qh5 g6 23. Qh6 Qg7 24. Qh4 Rfe8 25. Rf3 Rac8 26. Qg3 Rc5 27. Rf2
Ra5 28. f5 gxf5 29. Qg6 hxg6 {runfirst resigns} 0-1

[Event "ICS rated blitz match"]
[Site "204.178.125.65"]
[Date "2000.07.16"]
[Round "?"]
[White "Ahmed6000"]
[Black "Hossa"]
[Result "0-1"]
[WhiteElo "2092"]
[BlackElo "2424"]
[PlyCount "80"]
[EventDate "2000.??.??"]

1. e4 c5 2. Nf3 e6 3. d4 cxd4 4. Nxd4 Nc6 5. Be2 Nf6 6. Nc3 Bb4 7. Bf3 Bxc3+ 8.
bxc3 Ne5 9. O-O O-O 10. Bg5 d5 11. exd5 Nxf3+ 12. Qxf3 Qxd5 13. Bxf6 Qxf3 14.
gxf3 gxf6 15. Rab1 e5 16. Nb5 Bh3 17. Rfd1 Kh8 18. Nd6 Rg8+ 19. Kh1 Bg2+ 20.
Kg1 Bxf3+ 21. Kf1 Bxd1 22. Rxd1 b6 23. Nxf7+ Kg7 24. Rd7 Kg6 25. f3 Rgc8 26.
Nd6 Rxc3 27. Ne4 Rxf3+ 28. Ke2 Rh3 29. Rd6 Rxh2+ 30. Ke3 Rf8 31. Rd7 Rc8 32.
Rd6 Rcxc2 33. Rxf6+ Kg7 34. Rf2 Rh3+ 35. Rf3 Rxf3+ 36. Kxf3 Rxa2 37. Ng5 Kg6
38. Ne6 Kf5 39. Ng7+ Kf6 40. Nh5+ Kg6 {Ahmed6000 resigns} 0-1

[Event "ICS rated blitz match"]
[Site "204.178.125.65"]
[Date "2000.07.16"]
[Round "?"]
[White "KCtan"]
[Black "Hossa"]
[Result "1/2-1/2"]
[WhiteElo "2152"]
[BlackElo "2434"]
[PlyCount "122"]
[EventDate "2000.??.??"]

1. d4 d5 2. Nf3 Nf6 3. Bf4 c6 4. Nbd2 g6 5. e3 Bg7 6. h3 O-O 7. Bd3 c5 8. c3
Qb6 9. Rb1 cxd4 10. exd4 Qe6+ 11. Qe2 Qxe2+ 12. Kxe2 Nh5 13. Bh2 Bh6 14. Rhe1
Nf4+ 15. Bxf4 Bxf4 16. Kf1 Nc6 17. Nb3 a6 18. Re2 b6 19. Rbe1 Bd7 20. Kg1 h6
21. g3 Bd6 22. Kg2 Bc7 23. Ne5 Nxe5 24. dxe5 Bd8 25. Nd4 e6 26. f4 Be7 27. g4
Bh4 28. Rf1 Kh7 29. Kh1 Kg7 30. f5 Rfe8 31. f6+ Kh8 32. Nf3 Bg3 33. Kg2 Bf4 34.
Nd4 g5 35. Rxf4 gxf4 36. Kf3 Ba4 37. Rd2 Red8 38. Kxf4 Rg8 39. h4 Bb5 40. Bb1
Bd7 41. g5 hxg5+ 42. hxg5 Rgb8 43. Rh2+ Kg8 44. Bh7+ Kf8 45. Bd3 Kg8 46. Rh7
Ba4 47. g6 fxg6 48. Rg7+ Kh8 49. Bxg6 Be8 50. Rh7+ Kg8 51. f7+ Bxf7 52. Rxf7
Re8 53. Kg5 b5 54. a3 a5 55. Kf6 Rec8 56. Rg7+ Kh8 57. Rh7+ Kg8 58. Rg7+ Kh8
59. Rh7+ Kg8 60. Rg7+ Kh8 61. Rh7+ Kg8 1/2-1/2

[Event "ICS rated blitz match"]
[Site "204.178.125.65"]
[Date "2000.07.16"]
[Round "?"]
[White "Hossa"]
[Black "DuongThanh"]
[Result "1-0"]
[WhiteElo "2423"]
[BlackElo "2229"]
[PlyCount "123"]
[EventDate "2000.??.??"]

1. e4 c6 2. d4 d5 3. e5 Bf5 4. Nf3 e6 5. a3 c5 6. Bb5+ Nc6 7. Nc3 a6 8. Bxc6+
bxc6 9. O-O Bg6 10. Na4 cxd4 11. Nxd4 c5 12. Nb3 Qc7 13. Re1 Nh6 14. Bxh6 gxh6
15. c4 d4 16. Nc1 Be7 17. b3 Rg8 18. Nd3 Rb8 19. f3 Bf5 20. Ra2 Rg5 21. f4 Rg6
22. Rd2 Kf8 23. Qb1 Kg8 24. Qc2 Kh8 25. Ree2 h5 26. Qa2 h4 27. Re1 h3 28. g3 h5
29. b4 h4 30. Naxc5 hxg3 31. Nxa6 Qb7 32. Nxb8 Qf3 33. hxg3 Qxg3+ 34. Rg2 hxg2
35. Qe2 Qh3 36. Nf2 Qh6 37. Nc6 Bh4 38. Nxd4 Bxf2+ 39. Kxf2 Qxf4+ 40. Nf3 Qg3+
41. Kg1 Bg4 42. Qxg2 Bxf3 43. Qxg3 Rxg3+ 44. Kf2 Rh3 45. Re3 Bg4 46. Rxh3+ Bxh3
47. c5 Bf5 48. Ke3 Bh3 49. c6 Bg2 50. b5 Kg8 51. a4 Kf8 52. a5 Ke8 53. a6 Kd8
54. a7 Kc7 55. a8=Q Kb6 56. Qa6+ Kc5 57. c7 Bb7 58. Qxb7 Kb4 59. Qe4+ Kxb5 60.
c8=Q Kb6 61. Qb4+ Ka7 62. Qd4# 1-0

[Event "ICS rated blitz match"]
[Site "204.178.125.65"]
[Date "2000.07.16"]
[Round "?"]
[White "KCtan"]
[Black "Hossa"]
[Result "0-1"]
[WhiteElo "2162"]
[BlackElo "2444"]
[PlyCount "30"]
[EventDate "2000.??.??"]

1. d4 Nf6 2. Nf3 e6 3. Bg5 d6 4. Nbd2 Nc6 5. c3 e5 6. d5 Ne7 7. e4 c6 8. c4 Ng6
9. h3 Be7 10. g3 O-O 11. Bd3 Nxd5 12. exd5 Bxg5 13. Nxg5 Qxg5 14. h4 Qe7 15. h5
e4 {KCtan resigns} 0-1

[Event "ICS rated blitz match"]
[Site "204.178.125.65"]
[Date "2000.07.16"]
[Round "?"]
[White "tosse"]
[Black "Hossa"]
[Result "0-1"]
[WhiteElo "2110"]
[BlackElo "2454"]
[PlyCount "66"]
[EventDate "2000.??.??"]

1. e4 c5 2. Nf3 e6 3. d4 cxd4 4. Nxd4 Nc6 5. Nc3 Qc7 6. Be2 a6 7. O-O Nf6 8.
Be3 Bb4 9. Na4 Bd6 10. f4 Nxe4 11. c4 O-O 12. Nxc6 bxc6 13. Qd4 f5 14. c5 Be7
15. Rad1 a5 16. b3 Bf6 17. Qc4 Ba6 18. Qc2 Bxe2 19. Qxe2 Rab8 20. Bd4 Bxd4+ 21.
Rxd4 Qa7 22. Qc2 d5 23. Rfd1 Qe7 24. Kh1 Qh4 25. Rxe4 fxe4 26. g3 Qh3 27. Qg2
Qxg2+ 28. Kxg2 g5 29. fxg5 Rbd8 30. h4 e3 31. Nb2 Rf2+ 32. Kh3 Rxb2 33. Re1 d4
{tosse resigns} 0-1

[Event "ICS rated blitz match"]
[Site "204.178.125.65"]
[Date "2000.07.16"]
[Round "?"]
[White "Hossa"]
[Black "QueenMaxima"]
[Result "0-1"]
[WhiteElo "2458"]
[BlackElo "2581"]
[PlyCount "182"]
[EventDate "2000.??.??"]

1. e4 c5 2. Nf3 e6 3. d4 cxd4 4. Nxd4 Nc6 5. Nb5 d6 6. Bf4 e5 7. Be3 Nf6 8. Bg5
Be6 9. N1c3 a6 10. Na3 Qb6 11. Bc1 Qb4 12. Bd3 d5 13. exd5 Nxd5 14. Nab1 Nf4
15. Be4 Rd8 16. Nd2 Bc5 17. a3 Qa5 18. Bxc6+ bxc6 19. Qf3 Qb6 20. Nde4 Be7 21.
Bxf4 exf4 22. b3 f5 23. Nd2 Qc5 24. Ndb1 Qe5+ 25. Qe2 Qxe2+ 26. Kxe2 Bf7 27.
Re1 O-O 28. Kf1 Bf6 29. Ra2 Rfe8 30. Rxe8+ Bxe8 31. Kg1 Kf7 32. Rb2 Bd4 33. Ra2
Kf6 34. Ne2 Ba7 35. Nbc3 Ke5 36. Ra1 Rd2 37. Rd1 Rxc2 38. b4 g5 39. Rd8 Bh5 40.
Rd7 Bd4 41. Rxd4 Rxc3 42. Nxc3 Kxd4 43. Na4 Bf7 44. Kf1 Bc4+ 45. Ke1 h5 46. h3
h4 47. f3 Kd3 48. Nc5+ Kc2 49. Nd7 Kb3 50. Ne5 Bd5 51. Kd2 Kxa3 52. Kc3 Ka4 53.
Nd7 Kb5 54. Nf6 Bf7 55. Nd7 Bc4 56. Nf8 Bd5 57. Nd7 Bf7 58. Ne5 Be6 59. Nd3 Bd5
60. Ne5 c5 61. Nd3 cxb4+ 62. Nxb4 Be6 63. Nc2 Kc5 64. Nd4 Bd7 65. Nb3+ Kd5 66.
Nd4 a5 67. Kd3 a4 68. Kc3 Ke5 69. Nc2 Bb5 70. Kb4 Bc6 71. Ka3 Bd7 72. Kb4 Ke6
73. Nd4+ Kf6 74. Ne2 Bc6 75. Kc5 Bb7 76. Kb4 Ba6 77. Ng1 Bf1 78. Kxa4 g4 79.
fxg4 Bxg2 80. gxf5 f3 81. Kb4 f2 82. Ne2 f1=Q 83. Nc3 Qxf5 84. Kb3 Ke5 85. Kb4
Qd3 86. Na2 Qb1+ 87. Kc5 Qxa2 88. Kb4 Qb2+ 89. Ka5 Bc6 90. Ka6 Qb5+ 91. Ka7
Qb7# {Hossa checkmated} 0-1

[Event "ICS rated blitz match"]
[Site "204.178.125.65"]
[Date "2000.07.16"]
[Round "?"]
[White "KCtan"]
[Black "Hossa"]
[Result "1-0"]
[WhiteElo "2146"]
[BlackElo "2447"]
[PlyCount "155"]
[EventDate "2000.??.??"]

1. d4 Nf6 2. Nf3 e6 3. c3 d5 4. Bf4 Be7 5. e3 Ne4 6. Nbd2 g5 7. Bg3 Nxg3 8.
hxg3 Nd7 9. Bd3 a5 10. Qe2 a4 11. a3 f5 12. g4 fxg4 13. Ne5 Nxe5 14. dxe5 g3
15. Qh5+ Kd7 16. f3 Kc6 17. Qg4 Bc5 18. Ke2 Qe7 19. Qxg3 Bd7 20. Rh6 Raf8 21.
Rah1 Rf7 22. Qh2 Qd8 23. Qg3 Qg8 24. Qh2 g4 25. f4 g3 26. Qh3 Kb6 27. Bxh7 Qg7
28. Bd3 Rxh6 29. Qxh6 Qg8 30. Qh8 Qg7 31. Qxg7 Rxg7 32. Rh3 Bf8 33. Nf1 c5 34.
Rxg3 c4 35. Bc2 Re7 36. Rg8 Rf7 37. g4 Bc5 38. g5 Kc7 39. Nd2 b5 40. Nf3 Kb7
41. Rh8 Bc8 42. Rh7 Rxh7 43. Bxh7 Bd7 44. Nd4 Bxd4 45. exd4 b4 46. cxb4 Bb5 47.
Kd2 Kc7 48. g6 Be8 49. g7 Bf7 50. g8=Q Bxg8 51. Bxg8 Kd7 52. Kc3 Ke7 53. b5 Kd7
54. Kb4 Ke7 55. Kc5 Kd7 56. Kb6 Ke7 57. Kc7 Kf8 58. Bxe6 Kg7 59. Bxd5 Kh6 60.
Bxc4 Kh5 61. Be6 Kh4 62. b6 Kg3 63. f5 Kf4 64. f6 Ke4 65. f7 Kxd4 66. f8=Q Ke4
67. Qf5+ Ke3 68. Qg4 Kd3 69. Bd5 Ke3 70. Qe4+ Kd2 71. Qxa4 Ke2 72. Qb3 Kd2 73.
Be4 Ke2 74. Qd3+ Kf2 75. Qf3+ Ke1 76. Qg2 Kd1 77. Qf2 Kc1 78. Qc2# {
Hossa checkmated} 1-0

[Event "ICS Rated standard match"]
[Site "204.178.125.65"]
[Date "2000.07.16"]
[Round "?"]
[White "RGEchess"]
[Black "Hossa"]
[Result "0-1"]
[WhiteElo "2015"]
[BlackElo "2378"]
[PlyCount "93"]
[EventDate "2000.??.??"]

1. d4 Nf6 2. Nf3 e6 3. c4 Bb4+ 4. Bd2 Be7 5. Nc3 d5 6. e3 O-O 7. Be2 dxc4 8.
Bxc4 Bd7 9. O-O c5 10. d5 exd5 11. Nxd5 Nxd5 12. Bxd5 Bc6 13. Bxc6 Nxc6 14. Bc3
Qc8 15. Qd5 Rd8 16. Qe4 Qe6 17. Qxe6 fxe6 18. Rad1 Kf7 19. Rd2 Rxd2 20. Nxd2 b5
21. b3 Rd8 22. Nf3 Bf6 23. Bxf6 gxf6 24. Rc1 Nb4 25. a3 Na2 26. Ra1 Nc3 27. Kf1
Rd3 28. b4 c4 29. g4 a6 30. g5 e5 31. gxf6 Kxf6 32. Kg2 Rd8 33. h4 Rg8+ 34. Kf1
Rg4 35. Rc1 e4 36. Ng5 Rxh4 37. Nxh7+ Rxh7 38. Rxc3 Rh1+ 39. Kg2 Rd1 40. a4 Rb1
41. axb5 axb5 42. f4 Rxb4 43. Rc2 Rb3 44. Kf2 Kf5 45. Rd2 Kg4 46. Ke2 c3 47.
Rd4 {RGEchess resigns} 0-1

[Event "ICS rated blitz match"]
[Site "204.178.125.65"]
[Date "2000.07.16"]
[Round "?"]
[White "blunite"]
[Black "Hossa"]
[Result "1-0"]
[WhiteElo "2157"]
[BlackElo "2426"]
[PlyCount "185"]
[EventDate "2000.??.??"]

1. Nf3 d5 2. c3 Nf6 3. d4 Nbd7 4. e3 e6 5. Bd3 Bd6 6. Nbd2 O-O 7. O-O e5 8. e4
exd4 9. cxd4 dxe4 10. Nxe4 Nxe4 11. Bxe4 Nf6 12. Bd3 c6 13. h3 Nd5 14. Bg5 f6
15. Bd2 Nf4 16. Bc4+ Be6 17. Qb3 Bxc4 18. Qxc4+ Nd5 19. Rfe1 Qd7 20. Re2 Rfe8
21. Rae1 Rad8 22. Kf1 Qf7 23. b3 Qd7 24. Rxe8+ Rxe8 25. Rxe8+ Qxe8 26. Qe2 Qf7
27. Qe4 b6 28. Ke1 Qd7 29. Kf1 Qc8 30. Qe2 a5 31. Qd3 Qe8 32. Qe2 Qxe2+ 33.
Kxe2 g5 34. Kd3 Kf7 35. Ng1 h6 36. Ne2 f5 37. f3 Kf6 38. Nc1 Ke7 39. Ne2 Kf7
40. Kc2 Kg7 41. Kd3 Kg8 42. Kc2 f4 43. Kd3 Kg7 44. Ke4 Kg6 45. Kd3 h5 46. Kc2
h4 47. Kd3 Bb4 48. Bc1 Be1 49. a3 b5 50. Bd2 Bxd2 51. Kxd2 Ne3 52. Nc3 Kh6 53.
Ke2 Kg7 54. Kd2 Kh7 55. Ne4 Kh6 56. Nc3 Kh5 57. Ke2 Nc2 58. d5 cxd5 59. Nxb5
Kg6 60. Kd2 Ne3 61. Nd4 a4 62. bxa4 Kf6 63. Kd3 Nc4 64. Nc6 Ne5+ 65. Nxe5 Kxe5
66. a5 Kd6 67. Kd4 Kc6 68. a6 Kb6 69. Kxd5 Kxa6 70. Ke5 Ka5 71. Kf5 Ka4 72.
Kxg5 Kxa3 73. Kxf4 Kb4 74. Kg5 Kc5 75. Kxh4 Kd6 76. Kg5 Ke7 77. Kg6 Kf8 78. h4
Kg8 79. f4 Kf8 80. f5 Ke8 81. h5 Kf8 82. f6 Kg8 83. f7+ Kf8 84. h6 Ke7 85. Kg7
Ke6 86. f8=Q Kd5 87. h7 Ke4 88. h8=Q Kd5 89. Qe7 Kd4 90. Qhd8+ Kc4 91. Qec7+
Kb5 92. Qdb8+ Ka6 93. Qca7# {Hossa checkmated} 1-0

[Event "ICS rated blitz match"]
[Site "204.178.125.65"]
[Date "2000.07.16"]
[Round "?"]
[White "Hossa"]
[Black "mailyn"]
[Result "1-0"]
[WhiteElo "2400"]
[BlackElo "2114"]
[PlyCount "36"]
[EventDate "2000.??.??"]

1. Nf3 Nf6 2. c4 c5 3. Nc3 Nc6 4. e3 d5 5. cxd5 Nxd5 6. Bb5 Nxc3 7. bxc3 Bd7 8.
O-O g6 9. Ba3 b6 10. d4 cxd4 11. cxd4 Bg7 12. Qa4 Rc8 13. Rac1 Nb8 14. Qxa7 O-O
15. Rxc8 Qxc8 16. Rc1 Qe8 17. Bxd7 Nxd7 18. Rc7 Qd8 {mailyn resigns} 1-0

[Event "ICS rated blitz match"]
[Site "204.178.125.65"]
[Date "2000.07.16"]
[Round "?"]
[White "DuongThanh"]
[Black "Hossa"]
[Result "0-1"]
[WhiteElo "2243"]
[BlackElo "2405"]
[PlyCount "144"]
[EventDate "2000.??.??"]

1. d4 d5 2. c4 e6 3. Nc3 Nc6 4. Nf3 Nf6 5. Bg5 Bb4 6. e3 O-O 7. Bd3 dxc4 8.
Bxc4 Bd7 9. O-O Be7 10. a3 Ng4 11. Bxe7 Qxe7 12. h3 Nf6 13. Rc1 e5 14. d5 Na5
15. Ba2 e4 16. Nd4 c5 17. Nde2 b6 18. Nf4 Nb7 19. Qc2 Nd6 20. Rfe1 Bc8 21. Bb1
Ba6 22. b4 Rad8 23. Qb3 Bc4 24. Qb2 Rb8 25. b5 Qe5 26. a4 Nxd5 27. Nfxd5 Bxd5
28. Qd2 Bb3 29. Qb2 Bc4 30. Ba2 Rbd8 31. Red1 Bd3 32. Qb3 Nf5 33. Nb1 Rd7 34.
Nd2 Be2 35. Nc4 Bxd1 36. Nxe5 Bxb3 37. Nxd7 Bxa2 38. Nxf8 Kxf8 39. a5 Nd6 40.
axb6 axb6 41. Ra1 Bc4 42. Ra6 Ke7 43. Rxb6 Bxb5 44. f3 Bd7 45. Kf2 exf3 46.
gxf3 Bxh3 47. Rc6 c4 48. e4 f6 49. Ke3 g6 50. f4 Bd7 51. Rc5 h5 52. e5 Nf5+ 53.
Ke4 fxe5 54. Kxe5 Nd6 55. Rd5 Nf7+ 56. Kd4 h4 57. Ra5 h3 58. Ra2 Nd6 59. Re2+
Be6 60. Rh2 Bf5 61. Rf2 Ke6 62. Kc3 Ne4+ 63. Kxc4 Nxf2 64. Kd4 Be4 65. Ke3 Kf5
66. Kxf2 g5 67. fxg5 h2 68. g6 Kxg6 69. Kg3 h1=Q 70. Kf4 Bc6 71. Ke5 Qd5+ 72.
Kf4 Qg5# 0-1

[Event "ICS rated blitz match"]
[Site "204.178.125.65"]
[Date "2000.07.16"]
[Round "?"]
[White "Hossa"]
[Black "DuongThanh"]
[Result "1-0"]
[WhiteElo "2414"]
[BlackElo "2234"]
[PlyCount "55"]
[EventDate "2000.??.??"]

1. Nf3 d5 2. c3 Nd7 3. d4 f6 4. c4 c6 5. Nc3 e6 6. e4 Bb4 7. exd5 exd5 8. cxd5
cxd5 9. Bd3 Ne7 10. Qb3 Bxc3+ 11. bxc3 O-O 12. Qc2 f5 13. O-O Nb6 14. Re1 Nc6
15. Rb1 Bd7 16. c4 dxc4 17. Bxc4+ Kh8 18. Ba3 Re8 19. Bb3 Qf6 20. Qd2 Rad8 21.
Ng5 Rxe1+ 22. Rxe1 Be8 23. Ne6 Rc8 24. Bb2 Qg6 25. d5 Ne7 26. Nxg7 Kg8 27. d6+
Bf7 28. dxe7 {DuongThanh resigns} 1-0

[Event "ICS rated blitz match"]
[Site "204.178.125.65"]
[Date "2000.07.16"]
[Round "?"]
[White "DuongThanh"]
[Black "Hossa"]
[Result "0-1"]
[WhiteElo "2226"]
[BlackElo "2422"]
[PlyCount "65"]
[EventDate "2000.??.??"]

1. c4 e5 2. Nc3 Nf6 3. e4 Bc5 4. g3 Nc6 5. Bg2 d6 6. h3 O-O 7. Nge2 Be6 8. d3
Re8 9. O-O Rf8 10. Kh2 Nd4 11. f4 c6 12. f5 Nxe2 13. Qxe2 Bc8 14. g4 h6 15. h4
Bd4 16. g5 hxg5 17. hxg5 Nh7 18. Qh5 Qa5 19. Bd2 Qb6 20. Rf3 Nxg5 21. Bxg5 Qxb2
22. Rh3 f6 23. Bxf6 Rxf6 24. Qe8+ Rf8 25. Rh8+ Kxh8 26. Qxf8+ Kh7 27. Rf1 Bxc3
28. Rf3 Bd2 29. f6 Bh6 30. f7 Bh3 31. Qg8+ Rxg8 32. fxg8=Q+ Kxg8 33. Kxh3 {
DuongThanh resigns} 0-1

[Event "ICS rated blitz match"]
[Site "204.178.125.65"]
[Date "2000.07.16"]
[Round "?"]
[White "Hossa"]
[Black "DuongThanh"]
[Result "1/2-1/2"]
[WhiteElo "2430"]
[BlackElo "2218"]
[PlyCount "89"]
[EventDate "2000.??.??"]

1. Nf3 Nf6 2. c4 g6 3. b3 Bg7 4. Bb2 O-O 5. g3 c5 6. Bg2 Nc6 7. O-O b6 8. Ne5
Bb7 9. Nc3 a6 10. Nxc6 Bxc6 11. Nd5 e6 12. Nxf6+ Bxf6 13. Bxf6 Qxf6 14. Bxc6
dxc6 15. Qc2 Rfd8 16. d3 h5 17. Qd2 Kg7 18. b4 cxb4 19. Qxb4 Qd4 20. Rab1 Rab8
21. Qa4 h4 22. Qxc6 hxg3 23. hxg3 Rd6 24. Qc7 Rh8 25. Rfe1 Rh5 26. Red1 b5 27.
e3 Qg4 28. Qxd6 Qf3 29. Qd4+ e5 30. Qh4 Rxh4 31. gxh4 bxc4 32. Rbc1 cxd3 33.
Rxd3 Qg4+ 34. Kf1 Qxh4 35. Rdd1 Qa4 36. Rd2 g5 37. f3 Kg6 38. e4 Qb5+ 39. Kf2
Qb6+ 40. Kg3 f5 41. Rdc2 f4+ 42. Kg2 Kh5 43. Rh1+ Kg6 44. Rhc1 Kh5 45. Rh1+
1/2-1/2

[Event "ICS rated blitz match"]
[Site "204.178.125.65"]
[Date "2000.07.16"]
[Round "?"]
[White "Hossa"]
[Black "DuongThanh"]
[Result "0-1"]
[WhiteElo "2421"]
[BlackElo "2210"]
[PlyCount "142"]
[EventDate "2000.??.??"]

1. e4 c6 2. d4 d5 3. e5 Bf5 4. Nf3 e6 5. a3 c5 6. Bb5+ Nc6 7. Nc3 a6 8. Bxc6+
bxc6 9. O-O Ne7 10. dxc5 Ng6 11. Be3 Bg4 12. h3 Bxf3 13. Qxf3 Nxe5 14. Qe2 Nc4
15. Na4 Be7 16. Bd4 O-O 17. b3 Na5 18. Nb6 Ra7 19. b4 Nb7 20. Be5 f6 21. Bh2 e5
22. c4 d4 23. Qe4 Qc7 24. Rfb1 Rb8 25. Qf5 Nd8 26. Rd1 g6 27. Qg4 f5 28. Qe2 f4
29. Nd7 Qxd7 30. Qxe5 Rbb7 31. Rxd4 Qf5 32. Qxf5 gxf5 33. Rxf4 a5 34. bxa5 Rxa5
35. g4 Rxc5 36. gxf5 Bf6 37. Rd1 Nf7 38. Kg2 h5 39. Rd3 Be5 40. Re4 Bxh2 41.
Kxh2 Rxf5 42. f4 Kg7 43. Rg3+ Kf6 44. Rge3 h4 45. Re6+ Kg7 46. Re2 Rxf4 47.
Rxc6 Rb3 48. Rg2+ Kf8 49. Rc8+ Ke7 50. Re2+ Kd7 51. Rce8 Rff3 52. Kg2 Rg3+ 53.
Kf1 Rbf3+ 54. Ke1 Rxh3 55. R2e7+ Kc6 56. Rc8+ Kd6 57. Rce8 Ng5 58. c5+ Kc6 59.
a4 Ra3 60. Kd1 Rh2 61. Re2 Ra1+ 62. Kd2 Ra2+ 63. Kd1 Raxe2 64. Rc8+ Kb7 65. Rg8
Ra2 66. c6+ Kxc6 67. Rg6+ Kd7 68. Rg7+ Ke8 69. Rg8+ Kf7 70. Rg7+ Kxg7 71. Ke1
Ra1# {Hossa checkmated} 0-1

[Event "ICS rated blitz match"]
[Site "204.178.125.65"]
[Date "2000.07.16"]
[Round "?"]
[White "Athlon900"]
[Black "Hossa"]
[Result "1-0"]
[WhiteElo "2634"]
[BlackElo "2396"]
[PlyCount "81"]
[EventDate "2000.??.??"]

1. e4 c5 2. d4 cxd4 3. Qxd4 Nc6 4. Qd1 d6 5. Bc4 Qa5+ 6. Nc3 Nf6 7. Bd2 Qc5 8.
Bb3 Ng4 9. Nh3 Nd4 10. O-O Nxb3 11. axb3 g6 12. Nd5 Bg7 13. b4 Qc6 14. b5 Qd7
15. b6 O-O 16. bxa7 Bd4 17. Bh6 Nxh6 18. Qxd4 Qd8 19. Nb6 Bxh3 20. Nxa8 Qxa8
21. gxh3 Rc8 22. Qe3 Kg7 23. c3 Ng8 24. Rfd1 Nf6 25. e5 dxe5 26. Qxe5 Re8 27.
Rd7 e6 28. Rd4 b5 29. Rf4 Kg8 30. Qxf6 Qb7 31. a8=Q Rxa8 32. Rxa8+ Qxa8 33.
Qxf7+ Kh8 34. Qf6+ Kg8 35. Qxe6+ Kh8 36. Rf7 Qa1+ 37. Kg2 Qa8+ 38. f3 Kg8 39.
Re7+ Kh8 40. Qf6+ Kg8 41. Qg7# {Hossa checkmated} 1-0

[Event "ICS rated blitz match"]
[Site "204.178.125.65"]
[Date "2000.07.16"]
[Round "?"]
[White "Hossa"]
[Black "alt1"]
[Result "1-0"]
[WhiteElo "2390"]
[BlackElo "2035"]
[PlyCount "89"]
[EventDate "2000.??.??"]

1. e4 c5 2. d4 cxd4 3. Qxd4 Nc6 4. Qd1 g6 5. Nf3 Bg7 6. Be2 d6 7. O-O Nf6 8.
Nc3 O-O 9. Bf4 h6 10. Bd2 a6 11. Qc1 Kh7 12. a3 b5 13. Rd1 Be6 14. Re1 Qc7 15.
Bf4 Nh5 16. Nd5 Bxd5 17. exd5 Nxf4 18. Qxf4 Ne5 19. c3 Rac8 20. Nxe5 Bxe5 21.
Qe4 Qc5 22. a4 Rc7 23. axb5 axb5 24. Ra5 Rb8 25. Rea1 f5 26. Qd3 Rcb7 27. Qd2
Qc7 28. Ra6 b4 29. c4 Qc5 30. Rb1 Qd4 31. Qe1 b3 32. Ra4 f4 33. Bg4 h5 34. Be6
g5 35. Qe2 g4 36. Ra6 f3 37. gxf3 gxf3 38. Qxf3 Qh4 39. h3 Bf4 40. Bf7 Kh6 41.
Re1 Rf8 42. Re6+ Kh7 43. Qe4+ Kh8 44. Rh6+ Kg7 45. Qh7# {alt1 checkmated} 1-0

[Event "ICS rated blitz match"]
[Site "204.178.125.65"]
[Date "2000.07.16"]
[Round "?"]
[White "QueenMaxima"]
[Black "Hossa"]
[Result "0-1"]
[WhiteElo "2597"]
[BlackElo "2394"]
[PlyCount "148"]
[EventDate "2000.??.??"]

1. d4 d5 2. c4 e6 3. Nc3 Nc6 4. Nf3 Nf6 5. Bg5 Bb4 6. cxd5 exd5 7. Qb3 O-O 8.
e3 Bf5 9. h3 a6 10. Bxf6 Qxf6 11. a3 Bxc3+ 12. bxc3 Qd6 13. Be2 b6 14. O-O Na5
15. Qb4 Qe6 16. Rae1 Nc6 17. Qb3 b5 18. a4 bxa4 19. Qxa4 Rfb8 20. Nh4 Be4 21.
f3 Bg6 22. e4 Rb6 23. Nxg6 hxg6 24. exd5 Qxd5 25. Rb1 Rxb1 26. Rxb1 Ne7 27. Bc4
Qd6 28. Rb7 Qf4 29. Qa5 Qe3+ 30. Kf1 Qc1+ 31. Kf2 Nf5 32. Qe5 Rc8 33. Bxf7+
Kxf7 34. Rxc7+ Rxc7 35. Qxc7+ Kg8 36. Qc4+ Kh7 37. Qd3 Qb2+ 38. Kf1 Nh4 39. Qe2
Qxc3 40. Qxa6 Qc1+ 41. Kf2 Qd2+ 42. Qe2 Qxe2+ 43. Kxe2 Nxg2 44. Kd3 Nf4+ 45.
Ke4 Nxh3 46. d5 Kg8 47. Ke5 Kf8 48. Kd6 Ng5 49. f4 Ne4+ 50. Ke6 Ke8 51. Ke5 Nf6
52. Ke6 Nxd5 53. Kxd5 Kf7 54. Ke5 Ke7 55. Kd4 Kf6 56. Ke4 Ke6 57. Kf3 Kf5 58.
Ke3 g5 59. fxg5 Kxg5 60. Ke4 Kg4 61. Ke3 g5 62. Kf2 Kh3 63. Kf1 Kh2 64. Ke2 g4
65. Ke3 g3 66. Ke4 g2 67. Kd4 g1=Q+ 68. Kd5 Kg3 69. Ke5 Qd1 70. Ke4 Qd6 71. Ke3
Qd5 72. Ke2 Qd4 73. Ke1 Kf3 74. Kf1 Qd1# 0-1

[Event "ICS rated blitz match"]
[Site "204.178.125.65"]
[Date "2000.07.16"]
[Round "?"]
[White "Hossa"]
[Black "QueenMaxima"]
[Result "1-0"]
[WhiteElo "2418"]
[BlackElo "2573"]
[PlyCount "127"]
[EventDate "2000.??.??"]

1. e4 c5 2. d4 cxd4 3. Qxd4 Nc6 4. Qd1 Nf6 5. Nc3 e5 6. a3 Bc5 7. Bc4 Qb6 8.
Nh3 d6 9. Na4 Qc7 10. Ng5 O-O 11. Qd3 Qa5+ 12. Nc3 h6 13. Nxf7 Rxf7 14. O-O Bg4
15. Bxf7+ Kxf7 16. h3 Bh5 17. b4 Nxb4 18. axb4 Bxf2+ 19. Kxf2 Qxa1 20. g4 Kg8
21. Kg2 Bg6 22. Bg5 Qa3 23. Bxf6 Rc8 24. Nd5 Qxd3 25. cxd3 Rc2+ 26. Kg3 gxf6
27. Rxf6 Kg7 28. Rxd6 Be8 29. Re6 Bb5 30. Rxe5 Bxd3 31. g5 hxg5 32. Rxg5+ Kh6
33. Re5 Rc4 34. Re6+ Kg7 35. Kf4 Kf7 36. Re7+ Kg6 37. Ke3 Bc2 38. h4 a6 39.
Re6+ Kh5 40. Kf4 Bb3 41. Re7 b6 42. Rh7+ Kg6 43. Rb7 b5 44. Rb6+ Kf7 45. Rf6+
Ke8 46. Rxa6 Bc2 47. Re6+ Kd7 48. Re5 Kc6 49. h5 Bd3 50. h6 Rc1 51. h7 Rh1 52.
Nf6 Bxe4 53. Rc5+ Kb6 54. Kxe4 Rh4+ 55. Kf5 Rh1 56. Kg5 Rxh7 57. Nxh7 Ka6 58.
Kf6 Kb6 59. Ke7 Ka6 60. Kd7 Kb7 61. Rxb5+ Ka6 62. Kc6 Ka7 63. Kc7 Ka8 64. Ra5#
1-0